Składy zwycięzców Ligi Mistrzów - 1993/94 - Statystyki

Ogólne statystyki
  • Ten quiz został rozwiązany 24 razy
  • Średni wynik to 4 z 12
Statystyki odpowiedzi
Numer Pozycja Narodowość Piłkarz % Poprawnych
6 ŚO Włochy Paolo Maldini
100%
8 ŚP Francja Marcel Desailly
33%
7 LP Włochy Roberto Donadoni
33%
9 PP Chorwacja Zvonimir Boban
33%
11 N Włochy Daniele Massaro
29%
10 ŚPO Czarnogóra Dejan Savicevic
29%
4 ŚP Włochy Demetrio Albertini
29%
1 BR Włochy Sebastiano Rossi
29%
3 LO Włochy Christian Panucci
24%
2 PO Włochy Mauro Tassotti
14%
5 ŚO Włochy Filippo Galli
5%
13 rez. Włochy Stefano Nava
5%
Nie znaleziono quizów pasujących do podanych kryteriów
Rozkład punktacji
Procent ludzi z każdym wynikiem
Percentyl według liczby udzielonych odpowiedzi
Twoja historia wyników
Nie rozwiązałeś tego quizu